BotW Quiz - Statistics

General Stats
  • This quiz has been taken 204 times
  • The average score is 23 of 65
Answer Stats
Hint Answer % Correct
Hero Link
99%
Princess trapped in Hyrule Castle Zelda
99%
Old woman at Kakariko Village Impa
91%
Director of the Akkala Ancient Tech Lab Robbie
77%
What is the Legendary Sword that seals The Darkness The Master Sword
72%
Father of ^ King Rhoam
70%
Granddaughter of ^ Paya
67%
Director of the Hateno Ancient Tech Lab Purah
67%
Champion of ^ Revali
65%
Bird Divine Beast Vah Medoh
56%
Boss of the bird divine beast Windblight Ganon
56%
Champion of ^ Urbosa
53%
Camel Divine Beast Vah Naboris
52%
Power you get for defeating ^ Revali's Gale
51%
Champion of ^ Mipha
50%
Boss of the camel divine beast Thunderblight Ganon
50%
Champion of ^ Daruk
48%
Elephant Divine Beast Vah Ruta
47%
Lizard Divine Beast Vah Rudania
46%
Helps you get onto the camel divine beast Riju
45%
Helps You get onto The Bird Divine Beast Teba
45%
Main Boss Calamity Ganon
44%
Creatures with leaf masks that hide all over hyrule Korok
44%
Boss of the Lizard divine beast Fireblight Ganon
43%
Helps you get onto the Elephant divine Beast Sidon
43%
Power you get for defeating ^ Urbosa's Fury
43%
Boss of the Elephant Divine beast Waterblight Ganon
43%
Final Boss Dark beast ganon
38%
Power you get for defeating ^ Daruk's Protection
38%
Giant One eyed monsters Hinox
38%
Power that you get for defeating ^ Mipha's Grace
38%
Helps you get onto the Lizard Divine Beast Yunobo
38%
:Cooking With _ _ _ _: Koko
35%
Top Banana Of the Yiga clan Master Kohga
35%
How many Korok Seeds are there 900
34%
What pig like creature attacks travelers Bokoblins
31%
Giant Tree Who talks to you The Great Deku Tree
31%
Centaur like creature with a mane Lynel
30%
Singing Rito Kass
29%
Bone remains of ^ Stalnox
28%
Weakpoint Of ^ Eye
23%
Ancient Robots that were taken over by Calamity Ganon Guardians
22%
Final Trial Boss Monk Maz Koshia
20%
What is the First Shirt you can Get? Well worn Shirt
17%
Island you get stranded on Eventide
16%
Mysterious Merchant you meet at skull lake Kilton
15%
Stoping Rune Stasis
14%
Tunic that impa gives you for getting at least 1 memory Champions Tunic
13%
Magnet rune Magnesis
13%
Big Long nosed pig like monsters Moblins
13%
Picture rune Camera
11%
How many memories are there(not including DLC) 16
9%
Giant stone monsters Stone talus
9%
Other weak point Bottom
8%
Bomb Rune Remote Bombs
8%
Infinite Jumping Glitch Moon Jump
6%
Reward after finishing The Final Trial The Master Cycle
6%
DLC Name for the Champion Trial The Champions Ballad
5%
Traveling merchant who appears at horse stables Beetle
4%
Ice Version of ^2 Frost Talus
4%
:Hunt For the Giant _ _ _ _ _: Giant Horse/Horse
4%
Chameleon like enemies Lizafos
4%
Ice Rune Cryonsis
1%
Lava Version of ^ Ingeo talus
1%
Beach Village Lurien Village
0%
No matching quizzes found
Score Distribution
Percent of People with Each Score
Percentile by Number Answered
Your Score History
You have not taken this quiz